| 000 | 01969nam a2200325Ia 4500 | ||
|---|---|---|---|
| 001 | ebr10038743 | ||
| 003 | CaPaEBR | ||
| 006 | m u | ||
| 007 | cr cn||||||||| | ||
| 008 | 030716s2003 dcu sb f000 0 eng d | ||
| 040 |
_aCaPaEBR _cCaPaEBR |
||
| 035 | _a(OCoLC)52815493 | ||
| 050 | 1 | 4 |
_aLB43 _b.U53 2003eb |
| 245 | 0 | 0 |
_aUnderstanding others, educating ourselves _h[electronic resource] : _bgetting more from international comparative studies in education / _cCommittee on a Framework and Long-term Research Agenda for International Comparative Eduation Studies ; Colette Chabbott and Emerson J. Elliott, editors ; Board on International Comparative Studies in Education, Board on Testing and Assessment, Center for Education, Division of Behavioral and Social Sciences and Education, National Research Council of the National Academis. |
| 246 | 3 | 0 | _aInternational comparative studies in education |
| 260 |
_aWashington, D.C. : _bNational Academies Press, _c2003. |
||
| 300 | _axiv, 85 p. | ||
| 500 | _a"This study was supported by Contract/Grant No. REC-9815157 between the National Academy of Sciences and the National Science Foundation and the U.S. Department of Education, National Center for Education Statistics"--T.p. verso. | ||
| 504 | _aIncludes bibliographical references (p. 74-80). | ||
| 533 |
_aElectronic reproduction. _bPalo Alto, Calif. : _cebrary, _d2009. _nAvailable via World Wide Web. _nAccess may be limited to ebrary affiliated libraries. |
||
| 650 | 0 | _aComparative education. | |
| 650 | 0 |
_aEducation _xResearch _vCross-cultural studies. |
|
| 650 | 0 |
_aCurriculum planning _vCross-cultural studies. |
|
| 650 | 0 |
_aEducational innovations _zUnited States. |
|
| 655 | 7 |
_aElectronic books. _2local |
|
| 700 | 1 | _aChabbott, Colette. | |
| 700 | 1 | _aElliott, Emerson J. | |
| 710 | 2 | _aebrary, Inc. | |
| 856 | 4 | 0 |
_uhttp://site.ebrary.com/lib/rucke/Doc?id=10038743 _zAn electronic book accessible through the World Wide Web; click to view |
| 999 |
_c162980 _d162980 |
||